01009nam a22001577a 4500008004100000020003000041050001300071100002500084245013800109260004500247300005600292505043600348650002000784700002500804700002200829110927t xxu||||| |||| 00| 0 eng d a 0070241813 9780070241817 aD22 .G72 a Goucher, Candice L. aStudy guide to accompany in the balance : themes in global history vol. I /cCandice L. Goucher, Charles A. Le Guin, Linda A. Walton. aBoston, Mass. : bMcGraw-Hill, c©1998- axx,461 p. : bill. (some col.), col. maps ;c24 cm. aContents: Emergence: World history and human origins -- Changing environments, changing societies -- Settled societies -- Order: Ideas and power: Goddesses, God-Kings and sages -- Religion and state: Buddhissm, christianity, and islam -- Trade, transport, temples and tribute: The Economics of power -- Ties that bind: Lienage, clientage and caste -- Ordering the world: Family and household -- Culture and memory -- Connections.  aWorld history.  a Le Guin, Charles A. aWalton, Linda A.